Normal view
MARC view
Entry Personal Name
001 - CONTROL NUMBER
- control field: 26798
003 - CONTROL NUMBER IDENTIFIER
- control field: dpl
005 - DATE AND TIME OF LATEST TRANSACTION
- control field: 20110328103415.0
008 - FIXED-LENGTH DATA ELEMENTS
- fixed length control field: 110328|||a|||||| | ||| d
040 ## - CATALOGING SOURCE
- Original cataloging agency: dpl
- Transcribing agency: dpl
100 ## - HEADING--PERSONAL NAME
- Personal name: शर्मा, मोहिनीमोहन
670 ## - SOURCE DATA FOUND
- Source citation: Work cat.: (dpl)51249: 26640, शैक्षिक व व्यावसायिक निर्देशन /, 2011
670 ## - SOURCE DATA FOUND
- Source citation: Work cat.: (dpl)51249: 26640, शैक्षिक व व्यावसायिक निर्देशन /, 2011
